Tesco Stores Ltd v SoS Environment and West Oxfordshire DC and Tarmac Provincial Properties Ltd (Record no. 12443)

MARC details
000 -LEADER
fixed length control field 01188cab a2200217 4500
001 - CONTROL NUMBER
control field X1688
008 - FIXED-LENGTH DATA ELEMENTS--GENERAL INFORMATION
fixed length control field 090401t1994 xxu||||| |||| 00| 0 eng d
035 ## - SYSTEM CONTROL NUMBER
System control number (Sirsi) u18696
041 ## - LANGUAGE CODE
Language code of text/sound track or separate title eng
245 ## - TITLE STATEMENT
Title Tesco Stores Ltd v SoS Environment and West Oxfordshire DC and Tarmac Provincial Properties Ltd
260 ## - PUBLICATION, DISTRIBUTION, ETC.
Date of publication, distribution, etc. 1994
350 ## - PRICE (NR) (BK AM CF MU VM SE) [OBSOLETE]
Price 0
490 ## - SERIES STATEMENT
Series statement Journal of Planning and Environment Law
Volume/sequential designation 1994 JPL 919-937(19)
520 ## - SUMMARY, ETC.
Summary, etc. CA 25 May 1994. Retail food superstore. Construction of relief road. Effect of superstore on highway congestion. Relevance of offer to construct. Was the relief road an unrelated benefit? Relevance of preference of locall plan Inspector. Application of Annex B of Circular 16/91. Tests in Newbury. Section 106 obligation. Relevance of test of necessity - immateriality of consideration relating to provision of road. Legality of Annex B. Weight of a material consideration issue for SoS. Decision of SoS upheld by CA, reversing the High Court. (Headnote from Journal)
650 ## - SUBJECT ADDED ENTRY--TOPICAL TERM
Topical term or geographic name entry element DOE CIRCULAR 16/1991
650 ## - SUBJECT ADDED ENTRY--TOPICAL TERM
Topical term or geographic name entry element PLANNING APPLICATIONS
650 ## - SUBJECT ADDED ENTRY--TOPICAL TERM
Topical term or geographic name entry element SUPERSTORE
690 ## - LOCAL SUBJECT ADDED ENTRY--TOPICAL TERM (OCLC, RLIN)
Topical term or geographic name as entry element PLANNING LAW AND PRACTICE-CASE LAW
942 ## - ADDED ENTRY ELEMENTS (KOHA)
Suppress in OPAC 0
948 ## - LOCAL PROCESSING INFORMATION (OCLC); SERIES PART DESIGNATOR (RLIN)
c (OCLC) 04/03/1997
Holdings
Withdrawn status Lost status Source of classification or shelving scheme Damaged status Not for loan Home library Current library Shelving location Date acquired Total Checkouts Full call number Barcode Date last seen Copy number Price effective from Koha item type
    Dewey Decimal Classification     London London Journal article 14/09/1999   X1688 18696-1001 06/08/2019 1 06/08/2019 Law report